A practical guide to Linux commands, Editors, and Shell programming
A guide to Linux covers such topics as the command line utilities, the Shells, the Editors, and programming tools.
में बचाया:
| मुख्य लेखक: | |
|---|---|
| अन्य लेखक: | |
| भाषा: | Undetermined English |
| प्रकाशित: |
Upper Saddle River, NJ
Prentice Hall Professional Technical Reference
2005
|
| विषय: | |
| टैग : |
टैग जोड़ें
कोई टैग नहीं, इस रिकॉर्ड को टैग करने वाले पहले व्यक्ति बनें!
|
| Thư viện lưu trữ: | Trung tâm Học liệu Trường Đại học Trà Vinh |
|---|
| LEADER | 00820nam a2200253Ia 4500 | ||
|---|---|---|---|
| 001 | TVU_25621 | ||
| 008 | 210423s9999 xx 000 0 und d | ||
| 020 | |a 9780131478237 | ||
| 041 | |a eng | ||
| 082 | |a 5.432 | ||
| 082 | |b S677 | ||
| 100 | |a Sobel, Mark G | ||
| 245 | 2 | |a A practical guide to Linux commands, Editors, and Shell programming | |
| 245 | 0 | |c Mark G Sobel | |
| 260 | |a Upper Saddle River, NJ | ||
| 260 | |b Prentice Hall Professional Technical Reference | ||
| 260 | |c 2005 | ||
| 300 | |a xxxvii, 965 p. | ||
| 300 | |b ill. | ||
| 300 | |c 24 cm | ||
| 520 | |a A guide to Linux covers such topics as the command line utilities, the Shells, the Editors, and programming tools. | ||
| 650 | |a Operating systems (Computers); Linux | ||
| 700 | |a Mark G Sobel | ||
| 980 | |a Trung tâm Học liệu Trường Đại học Trà Vinh | ||


